[Event "Heusenstamm Schloss Open"]
[Site "Heusenstamm GER"]
[Date "2016.11.26"]
[Round "4.2"]
[White "Vincent Keymer"]
[Black "Andrey Sumets"]
[Result "0-1"]
[EventDate "2016.11.24"]
[WhiteElo "2419"]
[BlackElo "2559"]
[PlyCount "106"]

1. d4 d5 2. c4 c6 3. Nf3 Nf6 4. Nc3 e6 5. e3 a6 6. Qc2 c5 7. dxc5 Bxc5 8. cxd5 exd5 9. Be2 O-O 10. O-O Qe7 11. Na4 Ba7 12. Qb3 d4 13. Bd2 Nc6 14. Nb6 Be6 15. Bc4 Bxb6 16. Bxe6 dxe3 17. fxe3 Bxe3+ 18. Bxe3 Qxe6 19. Qxe6 fxe6 20. Nd4 Nxd4 21. Bxd4 Rad8 22. Bxf6 gxf6 23. Rf2 Kf7 24. Rc1 Rd7 25. Rf3 Rfd8 26. Rcf1 f5 27. Rb3 Rc8 28. Rh3 Kg6 29. Re1 Re8 30. Rg3+ Kf6 31. Rf3 Rd2 32. Rb3 Rg8 33. g3 b5 34. a4 Rb8 35. Rbe3 Rb6 36. axb5 axb5 37. R1e2 Rxe2 38. Rxe2 Rd6 39. Kf2 Rd3 40. Rc2 h5 41. Kg2 Rb3 42. Kf2 h4 43. Re2 hxg3+ 44. hxg3 e5 45. Kg2 b4 46. Kf2 Rd3 47. Rc2 b3 48. Re2 Ke6 49. Kg2 Rd1 50. Kf3 e4+ 51. Kf4 Rf1+ 52. Kg5 Ke5 53. Re3 Rf3 0-1

[Event "World Cadets U12"]
[Site "Batumi GEO"]
[Date "2016.10.30"]
[Round "11.3"]
[White "Vincent Keymer"]
[Black "Ganzorig Amartuvshin"]
[Result "1-0"]
[EventDate "2016.??.??"]
[WhiteElo "2402"]
[BlackElo "1909"]
[PlyCount "113"]

1. d4 Nf6 2. c4 g6 3. Nc3 Bg7 4. e4 d6 5. f3 O-O 6. Be3 c5 7. Nge2 Nc6 8. d5 Na5 9. Ng3 e6 10. Be2 a6 11. a4 Qb6 12. Rb1 Qb4 13. Qd3 exd5 14. cxd5 Nd7 15. O-O Ne5 16. Qc2 Bd7 17. Bf4 Nb3 18. Kh1 b5 19. axb5 axb5 20. Rfd1 f5 21. Bg5 f4 22. Nf1 Rf7 23. Bh4 Nd4 24. Qc1 Nb3 25. Qc2 Nd4 26. Qc1 Nxe2 27. Nxe2 c4 28. Nxf4 Bh6 29. Nd3 Nxd3 30. Qxh6 Nxb2 31. Qc1 c3 32. Be1 Qxe4 33. Bxc3 Nxd1 34. Qxd1 Qc4 35. Rc1 Qa4 36. Qd3 Rc8 37. Qd2 Qf4 38. Ne3 b4 39. Bb2 Rxc1+ 40. Bxc1 Re7 41. Kg1 b3 42. Kf2 Qxh2 43. Qb4 h5 44. Bb2 Kh7 45. Qc3 Qe5 46. Qxb3 Qf4 47. Qc3 Qf8 48. Nc4 Bb5 49. Nxd6 Re2+ 50. Kg1 Re1+ 51. Qxe1 Qxd6 52. Qc3 Qf8 53. Qc7+ Kg8 54. d6 Qf7 55. Qc3 Kf8 56. Qh8+ Qg8 57. Qe5 1-0

[Event "World Cadets U12"]
[Site "Batumi GEO"]
[Date "2016.10.29"]
[Round "10.3"]
[White "Santiago Avila Pavas"]
[Black "Vincent Keymer"]
[Result "1/2-1/2"]
[EventDate "2016.??.??"]
[WhiteElo "2154"]
[BlackElo "2402"]
[PlyCount "142"]

1. d4 d5 2. Bf4 Nf6 3. e3 c5 4. c3 Nc6 5. Nd2 e6 6. Ngf3 Bd6 7. Bg3 O-O 8. Bd3 b6 9. Ne5 Bb7 10. f4 Ne7 11. Qf3 Nf5 12. Bf2 Be7 13. Ng4 Nxg4 14. Qxg4 Nd6 15. O-O a5 16. a4 f5 17. Qh3 Ba6 18. Bxa6 Rxa6 19. Qf3 Ra7 20. Qe2 Qe8 21. c4 Bf6 22. dxc5 bxc5 23. e4 fxe4 24. Bxc5 Rd7 25. Rad1 Qb8 26. cxd5 exd5 27. Qa6 Rc8 28. Nb3 Qxb3 29. Bxd6 Qc4 30. Qxc4 Rxc4 31. b3 Rc6 32. Be5 d4 33. Rfe1 e3 34. Kf1 Rc3 35. Bxf6 gxf6 36. Rb1 Re7 37. Rec1 Rec7 38. Rxc3 Rxc3 39. Ke2 Rc2+ 40. Kf3 f5 41. Rf1 h5 42. h3 h4 43. g4 hxg3 44. Kxg3 d3 45. Kf3 e2 46. Rg1+ Kf7 47. Ke3 Rc3 48. h4 Rxb3 49. h5 Rb4 50. Kxd3 Rxa4 51. Kxe2 Rxf4 52. h6 Rg4 53. Rh1 Kg8 54. Rh5 Rf4 55. Ke3 Re4+ 56. Kd3 Re5 57. Kd4 Rb5 58. Kc4 Rb4+ 59. Kd3 Rf4 60. Ke3 Rf1 61. Ke2 Rf4 62. Ke3 Re4+ 63. Kd3 Re5 64. Kd4 Rb5 65. Kc4 Re5 66. Kd4 Rb5 67. Kc4 Rb4+ 68. Kd3 Rf4 69. Ke3 Re4+ 70. Kd3 Re5 71. Kd4 Rb5 1/2-1/2

[Event "World Cadets U12"]
[Site "Batumi GEO"]
[Date "2016.10.28"]
[Round "9.2"]
[White "Vincent Keymer"]
[Black "Sarin Nihal"]
[Result "1/2-1/2"]
[EventDate "2016.??.??"]
[WhiteElo "2402"]
[BlackElo "2324"]
[PlyCount "101"]

1. d4 e6 2. c4 Nf6 3. Nf3 d5 4. Nc3 dxc4 5. e3 a6 6. a4 c5 7. Bxc4 Nc6 8. O-O Be7 9. Qe2 cxd4 10. Rd1 e5 11. exd4 exd4 12. Nxd4 Nxd4 13. Qe5 Qd6 14. Qxd4 Qxd4 15. Rxd4 Bc5 16. Rd1 O-O 17. Bg5 Bg4 18. Rd3 Bf5 19. Rf3 Bg6 20. Bxf6 gxf6 21. Rxf6 Rad8 22. Re1 Rfe8 23. Rxe8+ Rxe8 24. g4 Kg7 25. Rf4 Re1+ 26. Kg2 Bd6 27. Rf3 Be5 28. h3 h5 29. b3 hxg4 30. hxg4 a5 31. Bd3 Bxd3 32. Rxd3 Bxc3 33. Rxc3 b5 34. Kf3 b4 35. Re3 Rc1 36. Ke4 Kg6 37. f3 f6 38. Rd3 Re1+ 39. Re3 Rd1 40. f4 Rg1 41. Kf3 Rf1+ 42. Kg3 Rg1+ 43. Kh3 Rf1 44. Kg3 Rg1+ 45. Kh4 Rh1+ 46. Rh3 Rg1 47. Rf3 f5 48. g5 Rg4+ 49. Kh3 Kg7 50. Kh2 Kg6 51. Kh3 1/2-1/2

[Event "World Cadets U12"]
[Site "Batumi GEO"]
[Date "2016.10.27"]
[Round "8.1"]
[White "Rameshbabu Praggnanandhaa"]
[Black "Vincent Keymer"]
[Result "1/2-1/2"]
[EventDate "2016.??.??"]
[WhiteElo "2442"]
[BlackElo "2402"]
[PlyCount "100"]

1. Nf3 d5 2. g3 c6 3. Bg2 Bg4 4. d3 Nd7 5. O-O Ngf6 6. Qe1 e5 7. e4 dxe4 8. dxe4 Bc5 9. h3 Bh5 10. Nbd2 O-O 11. Nh4 Re8 12. a4 Bf8 13. Bf3 Bxf3 14. Nhxf3 a5 15. Qe2 Qc8 16. b3 b5 17. Bb2 Qb7 18. Rfd1 Bb4 19. Ra2 Bxd2 20. Rxd2 Nc5 21. Rd1 Nfxe4 22. Qe3 f6 23. Raa1 b4 24. Nh4 Qa7 25. Nf5 Ng5 26. h4 Nf7 27. h5 Ne6 28. Qe4 Qc5 29. Rd7 Rad8 30. Rad1 Neg5 31. Qe2 e4 32. Nh4 Rxd7 33. Rxd7 Rd8 34. Qd2 Ne6 35. h6 Rxd7 36. Qxd7 Nf8 37. Qg4 Nxh6 38. Qxe4 Qd6 39. Nf3 Nf7 40. Nd4 Nd8 41. Nf5 Qd7 42. Bd4 Nfe6 43. Bb6 g6 44. Ne3 Nb7 45. Nc4 Ng5 46. Qe2 Qd5 47. Qe8+ Kg7 48. Qe7+ Kg8 49. Qe8+ Kg7 50. Qe7+ Kg8 1/2-1/2

[Event "World Cadets U12"]
[Site "Batumi GEO"]
[Date "2016.10.26"]
[Round "7.2"]
[White "Valery Skatchkov"]
[Black "Vincent Keymer"]
[Result "0-1"]
[EventDate "2016.??.??"]
[WhiteElo "2104"]
[BlackElo "2402"]
[PlyCount "50"]

1. d4 d5 2. c4 c6 3. Nc3 Nf6 4. e3 a6 5. b3 Bf5 6. Nf3 e6 7. Be2 h6 8. O-O Nbd7 9. Bb2 Bd6 10. Re1 O-O 11. Bd3 Ne4 12. Qc2 Ndf6 13. Ne2 Ng4 14. Rf1 Ng5 15. Ng3 Bxd3 16. Qxd3 f5 17. Ne5 Bxe5 18. dxe5 Nf7 19. Qc3 Qh4 20. h3 Nxf2 21. Kxf2 Ng5 22. Qe1 Ne4+ 23. Kf3 Nxg3 24. Bc1 Qe4+ 25. Kxg3 Qxe5+ 0-1

[Event "World Cadets U12"]
[Site "Batumi GEO"]
[Date "2016.10.24"]
[Round "6.3"]
[White "Vincent Keymer"]
[Black "Momchil Petkov"]
[Result "1-0"]
[EventDate "2016.??.??"]
[WhiteElo "2402"]
[BlackElo "2040"]
[PlyCount "125"]

1. d4 c5 2. d5 Nf6 3. c4 b5 4. cxb5 a6 5. bxa6 Bxa6 6. Nc3 d6 7. Nf3 g6 8. e4 Bxf1 9. Kxf1 Bg7 10. g3 O-O 11. Kg2 Nbd7 12. a4 Qb6 13. Qe2 Rfb8 14. Nb5 Ne8 15. Bg5 Kf8 16. Nd2 Qb7 17. Nc4 Nb6 18. Nxb6 Qxb6 19. Qg4 h6 20. Bd2 Nc7 21. Qd7 Na6 22. Bc3 Rb7 23. Qh3 Nc7 24. Nxc7 Qxc7 25. Ra3 Rab8 26. a5 Bxc3 27. bxc3 Kg7 28. Rha1 Ra7 29. Qg4 Rba8 30. a6 Qb6 31. Qe2 f6 32. h4 Qc7 33. h5 g5 34. Qg4 Qc8 35. Qxc8 Rxc8 36. Rb1 Rca8 37. Rb6 Kf7 38. Kf3 Ke8 39. Kg4 Kf7 40. Kf5 Rg8 41. Rb7 Rga8 42. Rxa7 Rxa7 43. f3 Kg7 44. Ke6 Kf8 45. g4 Kg7 46. Rb3 Kf8 47. Rb8+ Kg7 48. Rb7 Rxa6 49. Kxe7 Ra3 50. Kxd6+ Kf8 51. Ke6 Rxc3 52. d6 Ra3 53. Rb8+ Kg7 54. d7 Rd3 55. d8=Q Rxd8 56. Rxd8 c4 57. Rd7+ Kf8 58. Kxf6 Ke8 59. Rc7 Kd8 60. Rxc4 Kd7 61. e5 Kd8 62. e6 Ke8 63. Rc8# 1-0

[Event "World Cadets U12"]
[Site "Batumi GEO"]
[Date "2016.10.23"]
[Round "5.2"]
[White "Andrew Z Hong"]
[Black "Vincent Keymer"]
[Result "1-0"]
[EventDate "2016.??.??"]
[WhiteElo "2296"]
[BlackElo "2402"]
[PlyCount "129"]

1. e4 c5 2. Nf3 d6 3. d4 cxd4 4. Nxd4 Nf6 5. Nc3 a6 6. h3 e5 7. Nde2 h5 8. g3 Be6 9. Bg2 Nbd7 10. a4 Rc8 11. O-O Be7 12. b3 Nc5 13. a5 b6 14. axb6 Qxb6 15. Bg5 O-O 16. Qd2 Rfd8 17. Qe3 Re8 18. Rfd1 Nfd7 19. Bxe7 Rxe7 20. Kh2 Nf6 21. f4 exf4 22. Qxf4 Rd7 23. Rd2 Rcd8 24. Rf1 Re8 25. Qg5 Qd8 26. Qf4 a5 27. Rfd1 Nb7 28. Rf1 Qb6 29. Qg5 Qd8 30. Qf4 Qe7 31. Nd4 Rc8 32. Na4 Rdd8 33. Nb6 Rc5 34. Nd5 Bxd5 35. exd5 Qe5 36. Qxe5 dxe5 37. Nc6 Re8 38. d6 Nd8 39. d7 Rf8 40. Ne7+ Kh7 41. Rf5 Kh6 42. Bf3 Rc3 43. g4 Ne6 44. Nd5 Rxf3 45. Rxf3 Nxd7 46. Rf1 hxg4 47. hxg4 Ndc5 48. Re2 f6 49. Kg3 Re8 50. Ra1 Rd8 51. Ne7 Nf4 52. Rh2+ Kg5 53. Re1 Rd6 54. Nf5 Rd7 55. Nh4 Nce6 56. Nf3+ Kg6 57. Rxe5 fxe5 58. Nxe5+ Kg5 59. Nxd7 Nd4 60. Rd2 Nde2+ 61. Kf3 Ng1+ 62. Kf2 Ngh3+ 63. Kg3 Ng1 64. Nc5 Nge2+ 65. Kf3 1-0

[Event "World Cadets U12"]
[Site "Batumi GEO"]
[Date "2016.10.22"]
[Round "4.2"]
[White "Vincent Keymer"]
[Black "Renjie Huang"]
[Result "1-0"]
[EventDate "2016.??.??"]
[WhiteElo "2402"]
[BlackElo "2084"]
[PlyCount "91"]

1. d4 d5 2. c4 c6 3. Nf3 Nf6 4. Nc3 e6 5. e3 Be7 6. Qc2 O-O 7. b3 Nbd7 8. Bd3 b6 9. O-O Bb7 10. Bb2 Rc8 11. Qe2 c5 12. cxd5 exd5 13. dxc5 bxc5 14. Rfd1 Qc7 15. Rac1 Qb8 16. Bf5 Rcd8 17. Na4 c4 18. bxc4 Ba6 19. Bxd7 Nxd7 20. Rxd5 Qb4 21. Qc2 Nf6 22. Rxd8 Rxd8 23. Nd4 Rc8 24. c5 Nd7 25. c6 Ne5 26. Bc3 Qc4 27. Nb2 Qxa2 28. Qe4 Bb4 29. Qc2 Be7 30. Bd2 Ba3 31. Qa4 Bb5 32. Qxb5 Bxb2 33. Qxe5 Bxc1 34. Qf5 Re8 35. Bxc1 Qc4 36. Bd2 g6 37. Qc2 Qd5 38. h3 a5 39. Qa4 Ra8 40. c7 Qb7 41. Qc6 Qb1+ 42. Kh2 Rc8 43. Bxa5 Qb2 44. Qd7 Qb7 45. Nc6 Kg7 46. Nd8 1-0

[Event "World Cadets U12"]
[Site "Batumi GEO"]
[Date "2016.10.21"]
[Round "3.2"]
[White "Khazar Babazada"]
[Black "Vincent Keymer"]
[Result "0-1"]
[EventDate "2016.??.??"]
[WhiteElo "2092"]
[BlackElo "2402"]
[PlyCount "60"]

1. e4 c5 2. Nc3 Nc6 3. g3 g6 4. Bg2 Bg7 5. Nge2 d6 6. O-O e6 7. d3 Nge7 8. Be3 Nd4 9. Qd2 O-O 10. Rab1 Nec6 11. a3 a5 12. f4 b5 13. Nc1 b4 14. N3e2 Rb8 15. axb4 axb4 16. Bxd4 Nxd4 17. Kh1 Nb5 18. Nb3 Bd7 19. Qe3 Qc7 20. Qf2 c4 21. dxc4 Qxc4 22. Rfc1 Rfc8 23. Qf3 Ra8 24. Nd2 Qa2 25. Qb3 Qxb3 26. cxb3 Rxc1+ 27. Nxc1 Nc3 28. bxc3 bxc3 29. Nd3 cxd2 30. Rd1 Bb5 0-1

[Event "World Cadets U12"]
[Site "Batumi GEO"]
[Date "2016.10.20"]
[Round "2.3"]
[White "Vincent Keymer"]
[Black "Sargis Vach Sargsyan"]
[Result "1-0"]
[EventDate "2016.??.??"]
[WhiteElo "2402"]
[BlackElo "2014"]
[PlyCount "95"]

1. d4 Nf6 2. c4 e6 3. Nf3 b6 4. g3 Ba6 5. Qb3 Nc6 6. Nbd2 Na5 7. Qc3 c5 8. dxc5 bxc5 9. e4 d6 10. a3 Bb7 11. b4 Nc6 12. b5 Ne7 13. Bd3 Ng6 14. O-O Be7 15. Bb2 O-O 16. Rfe1 Ne8 17. Qc2 Bf6 18. e5 dxe5 19. Nxe5 Qc7 20. Nxg6 hxg6 21. Be4 Bxb2 22. Qxb2 Nf6 23. Bxb7 Qxb7 24. Nb3 Rfd8 25. Na5 Qf3 26. Nc6 Ne4 27. Qe2 Ng5 28. h4 Qxe2 29. Rxe2 Nf3+ 30. Kg2 Rd3 31. Re3 Rxe3 32. fxe3 Nd2 33. Rc1 Kf8 34. a4 Ne4 35. a5 Nd6 36. e4 e5 37. Nxe5 Nxe4 38. b6 axb6 39. axb6 Ke8 40. Rd1 Ra2+ 41. Kf3 f5 42. b7 Rb2 43. Rd7 Rb3+ 44. Ke2 Nxg3+ 45. Kd1 Ne4 46. Rxg7 Kf8 47. Rc7 Nd6 48. Rc8+ 1-0

[Event "World Cadets U12"]
[Site "Batumi GEO"]
[Date "2016.10.19"]
[Round "1.3"]
[White "Ughur Ilyasli"]
[Black "Vincent Keymer"]
[Result "0-1"]
[EventDate "2016.??.??"]
[WhiteElo "1831"]
[BlackElo "2402"]
[PlyCount "46"]

1. e4 c5 2. b3 Nc6 3. Bb2 e5 4. f4 exf4 5. Nf3 Nf6 6. Nc3 d6 7. Bc4 Bg4 8. Nd5 Be7 9. Nxf4 Nxe4 10. Bxg7 Rg8 11. Bb2 Ne5 12. Bxe5 dxe5 13. Nd3 Bh4+ 14. Kf1 Bxf3 15. gxf3 Qg5 16. Ke2 Qg2+ 17. Ke3 Bf2+ 18. Kxe4 Qg6+ 19. Kxe5 Bd4+ 20. Kf4 Qg5+ 21. Ke4 f5+ 22. Kd5 O-O-O+ 23. Ke6 Qf6# 0-1

[Event "28th Staufer-Open"]
[Site "Schwaebisch Gmuend GER"]
[Date "2016.01.05"]
[Round "7.6"]
[White "Vincent Keymer"]
[Black "Evgeny E Vorobiov"]
[Result "1/2-1/2"]
[EventDate "2016.01.02"]
[WhiteElo "2349"]
[BlackElo "2572"]
[PlyCount "53"]

1. d4 Nf6 2. c4 g6 3. Nc3 Bg7 4. g3 d5 5. cxd5 Nxd5 6. Bg2 Nxc3 7. bxc3 c5 8. Nf3 Nc6 9. Bb2 O-O 10. O-O Bf5 11. e3 Be4 12. Qe2 cxd4 13. cxd4 Qd5 14. Rfc1 b6 15. Ne1 Bxg2 16. Nxg2 e5 17. Qc4 Qxc4 18. Rxc4 Na5 19. Rc7 b5 20. Bc3 Nc4 21. a4 Rfc8 22. Rxc8+ Rxc8 23. axb5 exd4 24. Bxd4 Bxd4 25. exd4 Nd6 26. Ne3 Nxb5 27. Ra5 1/2-1/2